Contextualized language instruction. Teacher's handbook (Record no. 10144)
[ view plain ]
| 000 -CABECERA | |
|---|---|
| campo de control de longitud fija | 00585cam a22002052a 4500 |
| 001 - NÚMERO DE CONTROL | |
| campo de control | 004319 |
| 003 - IDENTIFICADOR DEL NÚMERO DE CONTROL | |
| campo de control | AR-FADEU |
| 008 - DATOS DE LONGITUD FIJA--INFORMACIÓN GENERAL | |
| campo de control de longitud fija | 311216n########xxu####################dd |
| 092 ## - ASIGNACIÓN LOCAL DE SIGNATURA TOPOGRÁFICA DEWEY (OCLC) | |
| Número de clasificación | 407 |
| Número de documento/Ítem | S561 |
| Característica del encabezamiento | MAESTRIA |
| 100 ## - ENTRADA PRINCIPAL--NOMBRE DE PERSONA | |
| Nombre de persona | Shurum, Judith L. |
| 245 ## - MENCIÓN DE TÍTULO | |
| Título | Contextualized language instruction. Teacher's handbook |
| 260 ## - PUBLICACIÓN, DISTRIBUCIÓN, ETC. (PIE DE IMPRENTA) | |
| Lugar de publicación, distribución, etc. | Boston |
| 260 ## - PUBLICACIÓN, DISTRIBUCIÓN, ETC. (PIE DE IMPRENTA) | |
| Nombre del editor, distribuidor, etc. | Heinle |
| 300 ## - DESCRIPCIÓN FÍSICA | |
| Extensión | 2 v |
| 500 ## - NOTA GENERAL | |
| Nota general | Includes bibliographical references |
| 546 ## - NOTA DE LENGUA/LENGUAJE | |
| Nota de lengua/lenguaje | Inglés |
| 650 ## - PUNTO DE ACCESO ADICIONAL DE MATERIA--TÉRMINO DE MATERIA | |
| Término de materia o nombre geográfico como elemento inicial | /LINGUISTICA/LENGUAS MODERNAS-ESTUDIO Y ENSEÑANZA/REVISADO//MAESTRIA/ |
| 700 ## - PUNTO DE ACCESO ADICIONAL--NOMBRE DE PERSONA | |
| Nombre de persona | Eileen W., Glisan |
| 942 ## - ELEMENTOS DE PUNTO DE ACCESO ADICIONAL (KOHA) | |
| Tipo de ítem Koha | MAESTRIA |
| Estado de retiro | Estado de pérdida | Estado dañado | No para préstamo | Código de colección | Localización permanente | Ubicación/localización actual | Ubicación en estantería | Fecha de adquisición | Número de inventario | Total de préstamos | Signatura topográfica completa | Código de barras | Fecha visto por última vez | Precio válido a partir de | Tipo de ítem Koha |
|---|---|---|---|---|---|---|---|---|---|---|---|---|---|---|---|
| Maestria | Biblioteca Ernesto Sabato - FADECS - UNCOMA | Biblioteca Ernesto Sabato - FADECS - UNCOMA | Maestria | 21/02/2017 | 02776 | 407 S561 | 02776 | 21/02/2017 | 21/02/2017 | MAESTRIA |